Komentár k novelizácii zákona o dani z príjmov vykonanej zákonom č. 76/2007 Z.z.

Zákon č. 76/2007 Z.z. o medzinárodnej pomoci a spolupráci pri správe daní. Spresnenie daňového posúdenia tvorby a použitia rezerv. Rozšírenie účelu použitia a okruhu prijímateľov podielu zaplatenej dane. Zdanenie pomernej časti úrokového výnosu. Daňové uznanie straty zo zabezpečovacích derivátov.

Gespeichert in:
Bibliographische Detailangaben
1. Verfasser: Minársky, Ján
Format: Buchkapitel
Sprache:Slowakisch
Schlagworte:
Tags: Tag hinzufügen
Keine Tags, Fügen Sie das erste Tag hinzu!

MARC

LEADER 00000naa$a2200000$$$4500
001 0056291
005 20231106072857.3
041 0 |a slo 
044 |a SK 
245 1 0 |a Komentár k novelizácii zákona o dani z príjmov vykonanej zákonom č. 76/2007 Z.z.  |c Ján Minársky 
520 |a Zákon č. 76/2007 Z.z. o medzinárodnej pomoci a spolupráci pri správe daní. Spresnenie daňového posúdenia tvorby a použitia rezerv. Rozšírenie účelu použitia a okruhu prijímateľov podielu zaplatenej dane. Zdanenie pomernej časti úrokového výnosu. Daňové uznanie straty zo zabezpečovacích derivátov. 
610 2 0 |a dane z príjmov 
610 2 0 |a zákony 
610 2 0 |a novelizácia 
610 2 0 |a komentáre 
100 1 |a Minársky, Ján